| 000 | 00448nam a2200181Ia 4500 | ||
|---|---|---|---|
| 003 | GCL | ||
| 008 | 140319s9999 xx 000 0 eng d | ||
| 040 |
_aGCL / _cGCL |
||
| 082 | 0 | 4 |
_a321.04 _bS N |
| 100 | 1 | _aSTORY JONATHAN | |
| 245 | 1 | 0 |
_aTHE NEW EUROPE / _cSTORY JONATHAN |
| 260 |
_a[S.N] : _bBLACK WELL |
||
| 300 | _a523\P | ||
| 650 | 0 | 4 | _aEUROPEAN ECONOMIC |
| 650 | 0 | 4 | _aEUROPEAN FEDERATION |
| 650 | 0 | 4 | _aEUROPE - POLITICS |
| 942 |
_2ddc _cBK |
||
| 999 |
_c11270 _d11270 |
||